| 000 | 00566nam a2200181 i 4500 | ||
|---|---|---|---|
| 001 | 29031 | ||
| 003 | ES-MaACL | ||
| 005 | 20230906153952.0 | ||
| 007 | t| | ||
| 008 | 030120q18001899fr ||||1| fre d | ||
| 100 | 1 |
_aBalzac, Honoré de, _d1799-1850 _925139 |
|
| 245 | 1 | 4 |
_aLes parents pauvres _b: (scénes de la vie parisienne) ; la cousine bette / _cHonorés de Balzac. |
| 260 |
_aParís : _bLib. Nouvelle, _c[18??] ( _fA. Bourdillia et Cie.) |
||
| 300 |
_a412 p. ; _c17 cm. |
||
| 740 | 3 | _aLa cousine bette. | |
| 852 |
_aES-MaACL _jG-13539 |
||
| 999 |
_c29031 _d29031 |
||